000 00722nam a2200289Ia 4500
005 20260324140526.0
008 008 260324s9999 xx 000 0 eng d
020 _a9781315805757
037 _aEBOOK
040 _aCRL
040 _beng
040 _cCRL
041 _2eng
041 _aeng
084 _qCRL
100 _aKenneth W. Merrell; Gretchen Gimpel
_91204724
245 0 _aSocial Skills of Children and Adolescents
245 0 _bConceptualization, Assessment, Treatment
260 _bTaylor and Francis
260 _c1998
365 _a
365 _b230
856 _uhttp://www.taylorfrancis.com/books/9781315805757
942 _cEBOOK
999 _c1806900
_d1806900